The cold war and after : (Registro nro. 69488)
[ vista simple ]
| 000 -LEADER | |
|---|---|
| fixed length control field | 01071nam a2200301 i 4500 |
| 001 - CONTROL NUMBER | |
| control field | 69488 |
| 003 - CONTROL NUMBER IDENTIFIER | |
| control field | Mx-PuUPA |
| 005 - DATE AND TIME OF LATEST TRANSACTION | |
| control field | 20220525135527.0 |
| 008 - FIXED-LENGTH DATA ELEMENTS--GENERAL INFORMATION | |
| fixed length control field | 220521s2007 uk |||gr|||| 00| 0 eng d |
| 020 ## - INTERNATIONAL STANDARD BOOK NUMBER | |
| International Standard Book Number | 9780745320946 |
| 040 ## - CATALOGING SOURCE | |
| Original cataloging agency | Mx-PuUPA |
| Language of cataloging | spa |
| Transcribing agency | Mx-PuUPA |
| Modifying agency | Mx-PuUPA |
| Description conventions | rda |
| 041 0# - LANGUAGE CODE | |
| Language code of text/sound track or separate title | eng |
| 100 1# - MAIN ENTRY--PERSONAL NAME | |
| Personal name | Saull, Richard, |
| Dates associated with a name | 1969- |
| Relator term | autor |
| 9 (RLIN) | 12639 |
| 245 14 - TITLE STATEMENT | |
| Title | The cold war and after : |
| Remainder of title | capitalism, revolution and superpower politics / |
| Statement of responsibility, etc. | Richard Saull |
| 250 ## - EDITION STATEMENT | |
| Edition statement | First published |
| 264 #1 - PRODUCTION, PUBLICATION, DISTRIBUTION, MANUFACTURE, AND COPYRIGHT NOTICE | |
| Place of production, publication, distribution, manufacture | London : |
| Name of producer, publisher, distributor, manufacturer | Pluto Press, |
| Date of production, publication, distribution, manufacture, or copyright notice | 2007 |
| 300 ## - PHYSICAL DESCRIPTION | |
| Extent | x, 257 páginas ; |
| Dimensions | 23 cm |
| 336 ## - CONTENT TYPE | |
| Fuente | rdacontent |
| Content type term | texto |
| Content type code | txt |
| 337 ## - MEDIA TYPE | |
| Source | rdamedia |
| Media type term | sin medio |
| Media type code | n |
| 338 ## - CARRIER TYPE | |
| Source | rdacarrier |
| Carrier type term | volumen |
| Carrier type code | nc |
| 650 #7 - SUBJECT ADDED ENTRY--TOPICAL TERM | |
| Source of heading or term | armarc |
| Topical term or geographic name entry element | Ciencias políticas |
| General subdivision | Relaciones internacionales |
| 650 #7 - SUBJECT ADDED ENTRY--TOPICAL TERM | |
| Source of heading or term | armarc |
| Topical term or geographic name entry element | Política mundial |
| Chronological subdivision | Siglo XX |
| 650 #7 - SUBJECT ADDED ENTRY--TOPICAL TERM | |
| Source of heading or term | armarc |
| Topical term or geographic name entry element | Guerra fría |
| Chronological subdivision | 1950-1959 |
| 942 ## - ADDED ENTRY ELEMENTS (KOHA) | |
| Source of classification or shelving scheme | Dewey Decimal Classification |
| Koha item type | Libro |
| Classification part | 327.7304709045 |
| Item part | S255 |
| Withdrawn status | Lost status | Source of classification or shelving scheme | Damaged status | Not for loan | Collection code | Home library | Current library | Shelving location | Date acquired | Source of acquisition | Cost, normal purchase price | Total Checkouts | Full call number | Barcode | Date last seen | Cost, replacement price | Price effective from | Koha item type | Date last checked out | Copy number |
|---|---|---|---|---|---|---|---|---|---|---|---|---|---|---|---|---|---|---|---|---|
| Dewey Decimal Classification | General | Biblioteca Karol Wojtyla | Biblioteca Karol Wojtyla | Sala general | 11/09/2024 | 23 | 902.43 | 327.7304709045 S255 2007 | 102174 | 05/01/2026 | 902.43 | 11/09/2024 | Libro | |||||||
| Dewey Decimal Classification | General | Biblioteca Karol Wojtyla | Biblioteca Karol Wojtyla | Sala general | 11/09/2024 | 23 | 902.43 | 1 | 327.7304709045 S255 2007 | 102175 | 05/01/2026 | 902.43 | 11/09/2024 | Libro | 22/11/2024 | Ej.2 |